000 00786cam a22002531 4500
001 sa 67005927
003 DLC
005 20260227112402.0
008 770921m19601966ii b 000 0 eng
010 _asa 67005927
015 _aGB69-28516
035 _a(OCoLC)3283781
040 _aDLC
_cTNJ
_dUk
_dOCoLC
_dDLC
042 _apremarc
050 0 0 _aKNS1750
_b.S45 1960
100 1 _aSen, D. K.
_q(Dhirendra Kumar)
245 1 2 _aA comparative study of the Indian Constitution.
260 _aBombay,
_bOrient Longmans
_c[1960-66]
300 _a2 v.
_c25 cm.
504 _aIncludes bibliographies.
505 0 _av. 1. General principles of organization.--v. 2. Citizenship & franchise--Fundamental rights.
650 0 _aConstitutional law
_zIndia.
650 0 _aConstitutional law.
999 _c75550
_d75550